000 01464cad a22002295a 4500
001 L154927
008 120202s2011 xxkad f s 000 0 eng d
035 _a(Sirsi) u154927
041 0 _aeng
110 2 _aRoyal Institution of Chartered Surveyors
_bEconomics
_95033
245 0 0 _aRICS global commercial property survey
_bQ3 2011
_h[electronic resource]
260 _aLondon
_bRICS
_c2011
490 0 _aRICS Global Commercial Property Survey United Kingdom
_vQ3 2011
520 _aGlobal sentiment weakened from Q2 2011 as more countries indicated negative view of the market. Outlook was strongest in China, Brazil and Russia. Europe's periphery displayed the most negative sentiment. Development starts were again highest in Brazil and Malaysia. US results paint a rather flat picture with net balances for most indicators moderating. Tenant demand fell in India for the first time since 2009 reflecting economic slowdown, and both rental and capital value expectations have deteriorated.
520 _aGlobal survey and also a suite of regional commercial property surveys for the Americas; Europe; Hong Kong, China and Singapore; India; Oceania, and United Arab Emirates.
590 _aKA
650 2 4 _aRICS GLOBAL COMMERCIAL PROPERTY SURVEY
651 4 _aInternational
690 _aCommercial property
_96227
856 4 0 _uhttps://www.rics.org/site/scripts/downloads.aspx?categoryID=710
_zView the surveys free of charge at www.rics.org
942 _n0
999 _c113241
_d113241